[Event "2.BLW 1718 Klub KÃ¶lner SF - SG Bochum"]
[Site "?"]
[Date "2017.10.23"]
[Round "2.6"]
[White "Bonnmann, Reinhard"]
[Black "Werthebach, Felix"]
[Result "1-0"]
[WhiteElo "2229"]
[BlackElo "2172"]
[PlyCount "79"]
[EventDate "2017.??.??"]

1. d4 f5 2. g3 Nf6 3. Bg2 d6 4. Nf3 g6 5. O-O Bg7 6. c4 O-O 7. Nc3 Qe8 8. b3 c6
9. Ba3 Na6 10. b4 Be6 11. d5 Bd7 12. Rb1 Nc7 13. dxc6 bxc6 14. Nd4 Rb8 15. b5
cxb5 16. cxb5 Kh8 17. Nc6 Nxb5 18. Nxb8 Nxc3 19. Qd3 Nxb1 20. Rxb1 Be6 21. Nc6
Ne4 22. Nd4 Bxa2 23. Ra1 Qf7 24. Bb2 Bc4 25. Qa3 Rb8 26. e3 a6 27. f3 Nc5 28.
Bc3 Qe8 29. Qc1 e5 30. Be1 d5 31. Qa3 exd4 32. Qxc5 dxe3 33. Rc1 h6 34. f4 Qe6
35. Qa7 Rb2 36. Bf3 g5 37. fxg5 hxg5 38. g4 fxg4 39. Bh1 Qf5 40. Qa8+ 1-0

[Event "2.BLW 1718 Klub KÃ¶lner SF - SG Bochum"]
[Site "?"]
[Date "2017.10.23"]
[Round "2.7"]
[White "Tkachuk, Konstantyn"]
[Black "Wisskirchen, Andreas"]
[Result "1/2-1/2"]
[WhiteElo "2299"]
[BlackElo "2205"]
[PlyCount "31"]
[EventDate "2017.??.??"]

1. e4 c5 2. Nf3 d6 3. d4 cxd4 4. Nxd4 Nf6 5. Nc3 g6 6. Be3 Bg7 7. f3 O-O 8. Qd2
Nc6 9. Bc4 Bd7 10. O-O-O Qa5 11. h4 Rfc8 12. Bb3 Ne5 13. h5 Nxh5 14. g4 Nf6 15.
Bh6 Rxc3 16. Qxc3 1/2-1/2

[Event "2.BLW 1718 SG Solingen - DÃ¼sseldorfer "]
[Site "?"]
[Date "2017.10.23"]
[Round "2.1"]
[White "Berelowitsch, Alexander"]
[Black "Wegerle, Joerg"]
[Result "1/2-1/2"]
[WhiteElo "2522"]
[BlackElo "2425"]
[PlyCount "101"]
[EventDate "2017.??.??"]

1. e4 e5 2. Nf3 Nf6 3. Nxe5 d6 4. Nf3 Nxe4 5. Nc3 Nxc3 6. dxc3 Be7 7. Be3 Nc6
8. Qd2 Be6 9. O-O-O Qd7 10. Kb1 a6 11. h4 h6 12. Be2 O-O-O 13. Nd4 Nxd4 14.
Bxd4 Rhg8 15. c4 Kb8 16. b3 Qc8 17. Bf3 g5 18. hxg5 hxg5 19. Qc3 g4 20. Be4 f5
21. Bd5 Rde8 22. Rde1 Bg5 23. a4 Bxd5 24. cxd5 Rxe1+ 25. Rxe1 Re8 26. Ka2 Rxe1
27. Qxe1 Qg8 28. c4 Kc8 29. f3 Qg6 30. fxg4 fxg4 31. Qb1 Qf7 32. Qe4 Qd7 33.
Kb2 c5 34. Bc3 Kc7 35. Kc2 b5 36. cxb5 axb5 37. axb5 Kb6 38. Kb2 g3 39. Qg6 Bf4
40. Qe4 Bg5 41. Qg6 Qe7 42. Kb1 Kxb5 43. Qd3+ Kb6 44. b4 Be3 45. Kc2 cxb4 46.
Bxb4 Bc5 47. Bd2 Qh4 48. Be1 Bf2 49. Qb3+ Kc5 50. Qa3+ Kxd5 51. Qa8+ 1/2-1/2

[Event "2.BLW 1718 SG Solingen - DÃ¼sseldorfer "]
[Site "?"]
[Date "2017.10.23"]
[Round "2.2"]
[White "Schroeder, Kevin"]
[Black "Schuh, Dirk"]
[Result "1/2-1/2"]
[WhiteElo "2313"]
[BlackElo "2379"]
[PlyCount "68"]
[EventDate "2017.??.??"]

1. e4 e5 2. Nf3 Nc6 3. Bb5 a6 4. Bxc6 dxc6 5. O-O Bg4 6. h3 h5 7. d3 Qf6 8. Be3
Bxf3 9. Qxf3 Qxf3 10. gxf3 Bd6 11. Nd2 Ne7 12. Rfb1 Ng6 13. Kf1 f5 14. Nc4 f4
15. Bd2 Be7 16. Ke2 Kf7 17. Bc3 Bf6 18. b4 b6 19. a4 Rhe8 20. a5 b5 21. Nd2 Nf8
22. Nb3 Ne6 23. Bb2 Rad8 24. c3 Be7 25. Rd1 c5 26. bxc5 Nxc5 27. Nxc5 Bxc5 28.
d4 Bd6 29. d5 Rc8 30. Rd3 c5 31. c4 b4 32. Rg1 Kf6 33. Rdd1 h4 34. Kd3 g5
1/2-1/2

[Event "2.BLW 1718 SG Solingen - DÃ¼sseldorfer "]
[Site "?"]
[Date "2017.10.23"]
[Round "2.3"]
[White "Stark, Lars"]
[Black "Schaefer, Markus"]
[Result "1/2-1/2"]
[WhiteElo "2398"]
[BlackElo "2401"]
[PlyCount "108"]
[EventDate "2017.??.??"]

1. c4 g6 2. g3 Bg7 3. Bg2 e5 4. Nc3 d6 5. e3 Nf6 6. Nge2 O-O 7. O-O c6 8. d4
Nbd7 9. b3 Re8 10. Ba3 exd4 11. Nxd4 Nc5 12. Qc2 Qe7 13. Rad1 h5 14. h3 a5 15.
Rfe1 Nfe4 16. Nxe4 Nxe4 17. Bxe4 Qxe4 18. Qxe4 Rxe4 19. Kg2 d5 20. cxd5 cxd5
21. Nb5 d4 22. Nd6 Re6 23. exd4 Rxe1 24. Rxe1 Be6 25. Bc5 a4 26. Rxe6 fxe6 27.
Nxb7 axb3 28. axb3 Rb8 29. Na5 Bf8 30. b4 Bxc5 31. bxc5 Rb5 32. Nc6 Rb3 33. Nd8
Rd3 34. Nxe6 Kf7 35. Ng5+ Kf6 36. Nf3 Kf5 37. Nh4+ Kf6 38. Nf3 Kf5 39. h4 Ke4
40. Ne5 Rxd4 41. Nxg6 Rc4 42. Nf4 Rxc5 43. Ne6 Rc2 44. Ng5+ Kf5 45. Nh3 Kg4 46.
Nf4 Rd2 47. Ne6 Kf5 48. Nf4 Kg4 49. Nh3 Ra2 50. Ng5 Kf5 51. Nf3 Ke4 52. Ng5+
Kf5 53. Nh3 Kg4 54. Nf4 Rd2 1/2-1/2

[Event "2.BLW 1718 SG Solingen - DÃ¼sseldorfer "]
[Site "?"]
[Date "2017.10.23"]
[Round "2.4"]
[White "Schlecht, Daniel"]
[Black "Kohlweyer, Bernd"]
[Result "1/2-1/2"]
[WhiteElo "2378"]
[BlackElo "2334"]
[PlyCount "31"]
[EventDate "2017.??.??"]

1. d4 g6 2. c4 Bg7 3. Nf3 c5 4. d5 d6 5. e4 e6 6. Bd3 Ne7 7. O-O h6 8. Re1 O-O
9. h3 a6 10. Nc3 Nd7 11. Be3 exd5 12. exd5 Nf6 13. Qd2 Bf5 14. Bf1 g5 15. g4
Bh7 16. Nh2 1/2-1/2

[Event "2.BLW 1718 SG Solingen - DÃ¼sseldorfer "]
[Site "?"]
[Date "2017.10.23"]
[Round "2.5"]
[White "Coenen, Michael"]
[Black "L'Ami, Alina"]
[Result "1/2-1/2"]
[WhiteElo "2375"]
[BlackElo "2286"]
[PlyCount "23"]
[EventDate "2017.??.??"]

1. c4 Nf6 2. g3 g6 3. Bg2 Bg7 4. Nc3 O-O 5. Nf3 d6 6. O-O Nc6 7. d4 Bf5 8. b3
Ne4 9. Bb2 Nxc3 10. Bxc3 Be4 11. Qd2 d5 12. Rad1 1/2-1/2

[Event "2.BLW 1718 SG Solingen - DÃ¼sseldorfer "]
[Site "?"]
[Date "2017.10.23"]
[Round "2.6"]
[White "Michalczak, Thomas"]
[Black "Miedema, David"]
[Result "0-1"]
[WhiteElo "2199"]
[BlackElo "2364"]
[PlyCount "96"]
[EventDate "2017.??.??"]

1. e4 e6 2. d4 d5 3. Nc3 Bb4 4. e5 Ne7 5. a3 Bxc3+ 6. bxc3 c5 7. Qg4 O-O 8. Bd3
Nbc6 9. Qh5 Ng6 10. Nf3 Qc7 11. Be3 c4 12. Bxg6 fxg6 13. Qg4 Qf7 14. Ng5 Qe8
15. h4 Ne7 16. a4 a5 17. O-O Bd7 18. Rfb1 Rb8 19. Bc1 h6 20. Nh3 Rf5 21. Ra2
Kh7 22. Rba1 Nc8 23. Ba3 Ra8 24. Rb1 b6 25. Nf4 Bxa4 26. Bd6 Bc6 27. g3 Ra7 28.
Ba3 Qf7 29. Nh3 Be8 30. f4 Rb7 31. Rab2 Qd7 32. Bc5 Qc6 33. Kf2 Kg8 34. Ke3
Rff7 35. Ba3 Rfc7 36. Kd2 Qd7 37. Rh1 b5 38. Bc5 b4 39. cxb4 c3+ 40. Kxc3 Nb6
41. Ra2 axb4+ 42. Kd2 Nc4+ 43. Ke2 b3 44. Ra8 Rc8 45. Rxc8 Qxc8 46. cxb3 Rxb3
47. Kf2 Rb2+ 48. Kg1 Qa6 0-1

[Event "2.BLW 1718 SG Solingen - DÃ¼sseldorfer "]
[Site "?"]
[Date "2017.10.23"]
[Round "2.7"]
[White "de Gleria, Francesco"]
[Black "Lemanczyk, Thomas"]
[Result "1-0"]
[WhiteElo "2380"]
[BlackElo "2250"]
[PlyCount "97"]
[EventDate "2017.??.??"]

1. e4 e5 2. Nf3 Nc6 3. Bc4 Bc5 4. c3 Nf6 5. d3 d6 6. a4 a6 7. h3 h6 8. O-O O-O
9. Re1 Ba7 10. Nbd2 Ne7 11. d4 Ng6 12. Bf1 Re8 13. Qc2 Bd7 14. Ra3 Qc8 15. a5
Nh5 16. Nc4 Nhf4 17. Ne3 Qd8 18. Nf5 Qf6 19. g3 Ne6 20. d5 Nef8 21. Nh2 Ne7 22.
Ng4 Qg6 23. Bd3 h5 24. Nge3 Nh7 25. Kg2 Qf6 26. h4 g6 27. Nxe7+ Qxe7 28. b4 Nf6
29. f3 Kg7 30. c4 Rec8 31. Qd2 Ng8 32. Bb2 Nh6 33. c5 dxc5 34. Nc4 f6 35. f4
Nf7 36. fxe5 fxe5 37. Rf1 Kh7 38. Rxf7+ Qxf7 39. Nxe5 Qe7 40. Nxg6 Kxg6 41. e5+
Kf7 42. Qh6 Rg8 43. Qxh5+ Kf8 44. Bg6 Rxg6 45. Qh8+ Rg8 46. Rf3+ Qf7 47. Rxf7+
Kxf7 48. Qh7+ Kf8 49. e6 1-0

[Event "2.BLW 1718 SG Solingen - DÃ¼sseldorfer "]
[Site "?"]
[Date "2017.10.23"]
[Round "2.8"]
[White "Zolfagharian, Kevin"]
[Black "Hainke, Guntram"]
[Result "1/2-1/2"]
[WhiteElo "2156"]
[BlackElo "2277"]
[PlyCount "29"]
[EventDate "2017.??.??"]

1. e4 e6 2. Nf3 d5 3. Nc3 d4 4. Ne2 c5 5. Ng3 a6 6. Be2 Nc6 7. d3 Nf6 8. O-O
Be7 9. Ne1 b5 10. f4 O-O 11. f5 Bd6 12. Bg5 Bxg3 13. hxg3 exf5 14. Bf3 Ne5 15.
exf5 1/2-1/2

[Event "2.BLW 1718 DJK Aachen - SG KÃ¶ln Porz"]
[Site "?"]
[Date "2017.10.23"]
[Round "2.1"]
[White "Lutz, Christopher"]
[Black "Dambacher, Martijn"]
[Result "1/2-1/2"]
[WhiteElo "2531"]
[BlackElo "2476"]
[PlyCount "49"]
[EventDate "2017.??.??"]

1. e4 c5 2. Nf3 d6 3. d4 cxd4 4. Nxd4 Nf6 5. Nc3 a6 6. Be3 e5 7. Nb3 Be7 8. f3
Be6 9. Qd2 O-O 10. O-O-O a5 11. Bb5 Na6 12. Kb1 Nc7 13. Bb6 Qc8 14. Ba4 Ra6 15.
Qf2 Na8 16. Be3 Nc7 17. g4 Rd8 18. Rhg1 Qb8 19. Bb6 Nd7 20. Bxd7 Rxd7 21. a4
Na8 22. Be3 Nc7 23. Bb6 Na8 24. Be3 Nc7 25. Bb6 1/2-1/2

[Event "2.BLW 1718 DJK Aachen - SG KÃ¶ln Porz"]
[Site "?"]
[Date "2017.10.23"]
[Round "2.2"]
[White "Van Dooren, Dirk"]
[Black "Rotstein, Arkadij"]
[Result "0-1"]
[WhiteElo "2333"]
[BlackElo "2502"]
[PlyCount "108"]
[EventDate "2017.??.??"]

1. e4 c5 2. Nf3 e6 3. b3 a6 4. Bb2 Nc6 5. c4 Qc7 6. Be2 Nf6 7. Nc3 Nd4 8. O-O
Bd6 9. g3 h5 10. Nxd4 cxd4 11. Na4 b5 12. c5 bxa4 13. cxd6 Qxd6 14. Bf3 Rb8 15.
Qc1 axb3 16. Ba3 Qc6 17. Rb1 Ng4 18. Bg2 Ne5 19. Rxb3 Rxb3 20. axb3 Qxc1 21.
Rxc1 Nc6 22. e5 Bb7 23. Rc4 f6 24. exf6 gxf6 25. Bxc6 Bxc6 26. Rxd4 Kf7 27. Kf1
Rb8 28. b4 e5 29. Rh4 Bf3 30. Rc4 Ke6 31. d3 a5 32. Ke1 Bd5 33. Rh4 a4 34. b5
Rxb5 35. Rxa4 Rb1+ 36. Ke2 Ra1 37. h4 Ra2+ 38. Ke3 Bb3 39. Ra6+ Kf5 40. Ra5 Bd1
41. d4 Kg4 42. dxe5 fxe5 43. Bb4 Re2+ 44. Kd3 Kf3 45. Bd6 e4+ 46. Kd4 Rd2+ 47.
Ke5 Rxd6 48. Kxd6 Kxf2 49. Ra2+ Kxg3 50. Ra1 Bg4 51. Ke5 e3 52. Ke4 Kf2 53. Kd3
Bf5+ 54. Kc3 d5 0-1

[Event "2.BLW 1718 DJK Aachen - SG KÃ¶ln Porz"]
[Site "?"]
[Date "2017.10.23"]
[Round "2.3"]
[White "Xu, Xianliang"]
[Black "Buscher, Michael"]
[Result "1/2-1/2"]
[WhiteElo "2397"]
[BlackElo "2391"]
[PlyCount "67"]
[EventDate "2017.??.??"]

1. e4 c5 2. c3 d5 3. exd5 Qxd5 4. d4 Nc6 5. Nf3 e5 6. dxe5 Qxd1+ 7. Kxd1 Bg4 8.
Nbd2 O-O-O 9. Ke1 Re8 10. Nc4 f6 11. Be2 Bxf3 12. Bxf3 Nxe5 13. Nxe5 Rxe5+ 14.
Kd1 Ne7 15. Bf4 Re6 16. Kc2 Ng6 17. Be3 Kc7 18. Rad1 b6 19. Rhe1 Rd6 20. Bd5
Rd8 21. a3 a5 22. f4 Bd6 23. g3 Rhe8 24. Bf7 Re7 25. Bc4 Nf8 26. Rd3 Nd7 27.
Red1 Nb8 28. a4 Nc6 29. b3 f5 30. Bd5 g6 31. h4 Rg7 32. Bc4 Be7 33. Rxd8 Bxd8
34. Rd3 1/2-1/2

[Event "2.BLW 1718 DJK Aachen - SG KÃ¶ln Porz"]
[Site "?"]
[Date "2017.10.23"]
[Round "2.4"]
[White "Braga, Fernando"]
[Black "Malykin, Vitaly"]
[Result "1-0"]
[WhiteElo "2394"]
[BlackElo "2384"]
[PlyCount "81"]
[EventDate "2017.??.??"]

1. c4 g6 2. g3 Bg7 3. Bg2 Nf6 4. Nf3 O-O 5. O-O d6 6. d4 Nbd7 7. Nc3 a6 8. h3
c5 9. b3 Rb8 10. e4 cxd4 11. Nxd4 Nc5 12. Be3 Bd7 13. Nde2 Qc8 14. Kh2 b5 15.
cxb5 axb5 16. e5 dxe5 17. Rc1 Ne6 18. Ba7 Qa6 19. Bxb8 Rxb8 20. Nd5 Nxd5 21.
Qxd5 Be8 22. b4 Bf6 23. Nc3 Kg7 24. Ne4 Qa3 25. Qb3 Qxb3 26. axb3 Nd4 27. Rc3
h5 28. Ra1 Bd7 29. Nxf6 exf6 30. Bd5 Rd8 31. Ra8 Rxa8 32. Bxa8 Be6 33. Bc6 f5
34. Rc5 Kf6 35. Bxb5 Nxb3 36. Rc7 Nd2 37. Be2 f4 38. gxf4 exf4 39. b5 f3 40.
Bd3 Ke5 41. b6 1-0

[Event "2.BLW 1718 DJK Aachen - SG KÃ¶ln Porz"]
[Site "?"]
[Date "2017.10.23"]
[Round "2.5"]
[White "Korotkjevich, Stanislav"]
[Black "Roeder, Matthias"]
[Result "1-0"]
[WhiteElo "2372"]
[BlackElo "2375"]
[PlyCount "63"]
[EventDate "2017.??.??"]

1. d4 Nf6 2. Nf3 d5 3. Bf4 c5 4. e3 Nc6 5. Nc3 Bg4 6. Bb5 e6 7. h3 Bxf3 8. Qxf3
cxd4 9. exd4 g6 10. O-O Bg7 11. Rad1 O-O 12. Rfe1 Qb6 13. Bxc6 Qxc6 14. Be5 Nd7
15. Bxg7 Kxg7 16. h4 h6 17. Rd2 b5 18. Ne2 b4 19. Nf4 Nf6 20. Rde2 Rae8 21. Qg3
Qc4 22. Rxe6 Rxe6 23. Rxe6 Qxd4 24. Kh2 Ne4 25. Rxg6+ Kh7 26. Qg4 fxg6 27.
Qxg6+ Kh8 28. Qxh6+ Kg8 29. Qxf8+ Kxf8 30. Ne6+ Kf7 31. Nxd4 Nxf2 32. Nc6 1-0

[Event "2.BLW 1718 DJK Aachen - SG KÃ¶ln Porz"]
[Site "?"]
[Date "2017.10.23"]
[Round "2.6"]
[White "Skulener, Wladimir"]
[Black "Bunyatov, Rustam"]
[Result "1-0"]
[WhiteElo "2390"]
[BlackElo "2178"]
[PlyCount "73"]
[EventDate "2017.??.??"]

1. d4 Nf6 2. c4 g6 3. Nc3 Bg7 4. e4 O-O 5. f3 c6 6. Be3 d5 7. e5 Ne8 8. cxd5
Nc7 9. dxc6 Nxc6 10. a3 Be6 11. Nge2 Na5 12. Nf4 Bb3 13. Qd2 Nc4 14. Bxc4 Bxc4
15. Kf2 Bh6 16. Rhc1 Bxf4 17. Bxf4 Rc8 18. Bh6 Re8 19. Be3 b6 20. Rh1 Nd5 21.
Rac1 Qd7 22. h4 Red8 23. h5 Nxc3 24. bxc3 Qf5 25. Rh4 Rc5 26. g4 Qe6 27. hxg6
fxg6 28. Rch1 h5 29. gxh5 gxh5 30. Re4 Ra5 31. Qc1 Rf8 32. Bg5 Rxf3+ 33. Kxf3
Bd5 34. Ke3 Qf5 35. Rf4 Qxg5 36. Rg1 Bg2 37. Qf1 1-0

[Event "2.BLW 1718 DJK Aachen - SG KÃ¶ln Porz"]
[Site "?"]
[Date "2017.10.23"]
[Round "2.7"]
[White "Wagenknecht, Uwe"]
[Black "Marcziter, Dmitrii"]
[Result "1-0"]
[WhiteElo "2248"]
[BlackElo "2311"]
[PlyCount "77"]
[EventDate "2017.??.??"]

1. c4 e5 2. Nc3 Nf6 3. g3 Bb4 4. Bg2 Bxc3 5. dxc3 h6 6. e4 d6 7. Ne2 O-O 8. b3
Nc6 9. O-O Re8 10. h3 a5 11. a4 Be6 12. Be3 Qd7 13. Kh2 Rab8 14. Qc2 Qe7 15.
Rae1 Bd7 16. Ng1 Nd8 17. Nf3 Ne6 18. Nh4 Nc5 19. Nf5 Bxf5 20. exf5 Nfd7 21. b4
Na6 22. Bd2 Nb6 23. Re4 c5 24. Rg4 Qf6 25. bxa5 Nc8 26. h4 Ne7 27. Be4 Nc6 28.
Kg2 Nc7 29. Rh1 d5 30. cxd5 Nxa5 31. c4 b6 32. Bg5 Qd6 33. f6 h5 34. Bh7+ Kf8
35. fxg7+ Kxg7 36. Be7+ hxg4 37. Bxd6 Rb7 38. Bxc7 Rxc7 39. Bf5 1-0

[Event "2.BLW 1718 DJK Aachen - SG KÃ¶ln Porz"]
[Site "?"]
[Date "2017.10.23"]
[Round "2.8"]
[White "Juegel, Marcel"]
[Black "Liard, Thibaud"]
[Result "1-0"]
[WhiteElo "2170"]
[BlackElo "2182"]
[PlyCount "81"]
[EventDate "2017.??.??"]

1. d4 d5 2. Nc3 Nf6 3. Bf4 c6 4. e3 Bf5 5. f3 e6 6. g4 Bg6 7. h4 h5 8. g5 Nfd7
9. Bd3 Bxd3 10. Qxd3 g6 11. Nge2 Bg7 12. e4 O-O 13. Bd6 Re8 14. e5 c5 15. f4
Nc6 16. dxc5 Bf8 17. Qb5 Qc8 18. Na4 a6 19. Qd3 b5 20. cxb6 Bxd6 21. exd6 Nb4
22. Qb3 Nxc2+ 23. Kd2 Nxa1 24. Rxa1 Qb8 25. Qb4 a5 26. Qb5 Qxd6 27. b7 Rab8 28.
Rc1 e5 29. Rc6 Qe7 30. f5 e4 31. Rc7 e3+ 32. Kd1 Qe4 33. Nac3 Qh1+ 34. Kc2 Ne5
35. fxg6 fxg6 36. Qxd5+ Qxd5 37. Nxd5 Red8 38. Nef4 Ng4 39. Ne7+ Kf8 40. Nexg6+
Kg8 41. Ne6 1-0

[Event "2.BLW 1718 TSV Schott Mainz - SV Koblen"]
[Site "?"]
[Date "2017.10.23"]
[Round "2.1"]
[White "Gurevich, Mikhail"]
[Black "Lobron, Eric"]
[Result "1/2-1/2"]
[WhiteElo "2562"]
[BlackElo "2500"]
[PlyCount "113"]
[EventDate "2017.??.??"]

1. c4 e5 2. Nc3 Bb4 3. Nd5 Bc5 4. Nf3 c6 5. Nc3 d6 6. e3 Bb4 7. Qc2 Nf6 8. a3
Ba5 9. b4 Bc7 10. Be2 O-O 11. d3 Nbd7 12. Bb2 Re8 13. h3 Nf8 14. O-O Ng6 15.
Rac1 Bd7 16. Rfd1 Rc8 17. Bf1 h6 18. Qb3 Be6 19. a4 d5 20. Ba3 Bb8 21. a5 Nh7
22. Qb2 Nh4 23. Qe2 Nxf3+ 24. Qxf3 Ng5 25. Qh5 d4 26. Ne4 Nxe4 27. dxe4 c5 28.
exd4 cxd4 29. c5 a6 30. Bc4 Qd7 31. Qe2 Bc7 32. Rc2 Bxc4 33. Qxc4 Qc6 34. Qd3
Rcd8 35. Bc1 Re6 36. Bd2 Rc8 37. Kf1 Bd8 38. Rb1 Be7 39. Rb3 Rg6 40. Rb1 Bg5
41. Bxg5 Rxg5 42. f3 Rg6 43. b5 axb5 44. Qxb5 Qe6 45. Qd3 Qe7 46. Rb5 Rgc6 47.
Qc4 Kh7 48. Kg1 R8c7 49. Kf1 Qg5 50. Qe2 Qg3 51. Kg1 Rd7 52. Rb3 Rg6 53. Kh1
Ra6 54. Ra2 Rc6 55. Rc2 Ra6 56. Ra2 Rc6 57. Rc2 1/2-1/2

[Event "2.BLW 1718 TSV Schott Mainz - SV Koblen"]
[Site "?"]
[Date "2017.10.23"]
[Round "2.2"]
[White "Dann, Matthias"]
[Black "Fritsche, Lutz"]
[Result "1-0"]
[WhiteElo "2506"]
[BlackElo "2359"]
[PlyCount "63"]
[EventDate "2017.??.??"]

1. d4 d6 2. e4 Nf6 3. Nc3 g6 4. f4 Bg7 5. Nf3 O-O 6. Be3 b6 7. Qe2 Ba6 8. Qd2
Bb7 9. e5 Ng4 10. O-O-O c5 11. d5 dxe5 12. Nxe5 Nf6 13. Be2 Qc8 14. Bf3 Rd8 15.
Qe2 a6 16. g4 Qc7 17. Rhe1 b5 18. g5 Ne8 19. Ne4 c4 20. Nc5 Nd6 21. Kb1 Bc8 22.
Nxf7 Nxf7 23. Ne6 Qb7 24. d6 Nc6 25. Bxc6 Qxc6 26. Nxd8 Nxd8 27. dxe7 Ne6 28.
Rd8+ Kf7 29. Qf3 Bd7 30. Qxc6 Bxc6 31. e8=Q+ Bxe8 32. Rxa8 1-0

[Event "2.BLW 1718 TSV Schott Mainz - SV Koblen"]
[Site "?"]
[Date "2017.10.23"]
[Round "2.3"]
[White "Kipper, Jens"]
[Black "Krivonosov, Oleg"]
[Result "0-1"]
[WhiteElo "2370"]
[BlackElo "2405"]
[PlyCount "150"]
[EventDate "2017.??.??"]

1. Nf3 d5 2. d4 Nf6 3. c4 e6 4. Nc3 Be7 5. Bf4 O-O 6. e3 Nbd7 7. Qc2 c5 8. Rd1
cxd4 9. Rxd4 Qa5 10. Bg3 Nb6 11. Nd2 dxc4 12. Bxc4 Nxc4 13. Nxc4 Qa6 14. O-O
Rd8 15. b4 Qc6 16. Rxd8+ Bxd8 17. Rd1 Bd7 18. Ne5 Qc8 19. Nxd7 Nxd7 20. Qd3 Nf8
21. Nb5 a6 22. Nd6 Qc6 23. Qb1 Be7 24. a3 Rd8 25. Rc1 Qd7 26. Nc4 Qd3 27. h3
Qxb1 28. Rxb1 b5 29. Ne5 Rc8 30. Rb3 f6 31. Nf3 Rc1+ 32. Kh2 e5 33. Nd2 Nd7 34.
Rd3 Nb6 35. Nb3 Rc2 36. Na5 Kf7 37. e4 Ke6 38. f4 g6 39. fxe5 fxe5 40. Nb7 Nc4
41. Nc5+ Bxc5 42. bxc5 Rd2 43. Rf3 Rd7 44. Rf8 Nd2 45. c6 Rc7 46. Re8+ Kf7 47.
Rh8 Rxc6 48. Bxe5 h5 49. Kg3 Nxe4+ 50. Kf4 Rc4 51. Bb2 Nc5+ 52. Ke3 Rc2 53. Bd4
Nb3 54. Ra8 Nxd4 55. Kxd4 Rxg2 56. Ra7+ Kf6 57. Rxa6+ Kg5 58. Ra5 Kh4 59. Rxb5
Kxh3 60. Rb1 h4 61. Ke3 Kg4 62. a4 h3 63. Rb4+ Kh5 64. Kf3 g5 65. Rb8 g4+ 66.
Kf4 Rf2+ 67. Kg3 Rf3+ 68. Kh2 Rf2+ 69. Kg3 Rf3+ 70. Kh2 Ra3 71. Rh8+ Kg5 72.
Rg8+ Kf5 73. Rf8+ Ke5 74. Re8+ Kf6 75. Rf8+ Ke7 0-1

[Event "2.BLW 1718 TSV Schott Mainz - SV Koblen"]
[Site "?"]
[Date "2017.10.23"]
[Round "2.4"]
[White "Balcerak, Jakob"]
[Black "Hammes, Michael"]
[Result "1-0"]
[WhiteElo "2455"]
[BlackElo "2340"]
[PlyCount "81"]
[EventDate "2017.??.??"]

1. d4 d5 2. c4 e6 3. Nf3 Nf6 4. g3 Bb4+ 5. Bd2 Be7 6. Bg2 c6 7. O-O O-O 8. Bf4
Nbd7 9. Nc3 b6 10. cxd5 exd5 11. Qc2 Bb7 12. Rad1 Nh5 13. Bc1 Nhf6 14. Rfe1 Bd6
15. e4 dxe4 16. Nxe4 Nxe4 17. Rxe4 Nf6 18. Rh4 g6 19. Ne5 Rc8 20. Bg5 Be7 21.
Qb3 Nd5 22. Bxe7 Qxe7 23. Bxd5 cxd5 24. Rf4 f6 25. Ng4 Kg7 26. Ne3 Qd7 27. h4
Rc7 28. Kg2 Rfc8 29. h5 g5 30. Rf3 Rf8 31. Nf5+ Kg8 32. Re1 Qd8 33. Rfe3 Bc8
34. Ne7+ Kh8 35. Nxc8 Qxc8 36. Qxd5 Rd7 37. Qf3 Rxd4 38. Re7 g4 39. Qe3 Rd7 40.
Qh6 Rxe7 41. Rxe7 1-0

[Event "2.BLW 1718 TSV Schott Mainz - SV Koblen"]
[Site "?"]
[Date "2017.10.23"]
[Round "2.5"]
[White "Klinova, Masha"]
[Black "Bewersdorff, Oliver"]
[Result "1/2-1/2"]
[WhiteElo "2289"]
[BlackElo "2299"]
[PlyCount "104"]
[EventDate "2017.??.??"]

1. e4 e5 2. Nf3 Nc6 3. Bc4 Bc5 4. d3 Nf6 5. O-O a6 6. Bb3 O-O 7. c3 Ba7 8. Nbd2
d6 9. h3 h6 10. Re1 Be6 11. Nf1 Bxb3 12. axb3 Re8 13. N3h2 d5 14. Qf3 Re6 15.
Ng3 Ne7 16. b4 c6 17. Nf5 Nxf5 18. exf5 e4 19. Qd1 Re8 20. Ng4 exd3 21. Rxe8+
Nxe8 22. Qxd3 Nf6 23. Be3 Bxe3 24. Qxe3 Nxg4 25. hxg4 Qe8 26. Qd2 Qd7 27. Re1
Re8 28. Re3 Kf8 29. f6 Rxe3 30. Qxe3 Qe6 31. fxg7+ Kxg7 32. Qf4 Qe1+ 33. Kh2
Qe2 34. f3 Qxb2 35. Qe5+ Kh7 36. Qf6 Kg8 37. g5 Qc2 38. gxh6 Qg6 39. Qf4 Kh7
40. Kg1 Qe6 41. Kf2 Qe7 42. g4 f6 43. Qb8 Kxh6 44. Qh8+ Kg6 45. Qg8+ Qg7 46.
Qe8+ Qf7 47. Qh8 Qh7 48. Qe8+ Qf7 49. Qh8 Qe6 50. Qb8 Qf7 51. Qh8 Qe6 52. Qb8
Qf7 1/2-1/2

[Event "2.BLW 1718 TSV Schott Mainz - SV Koblen"]
[Site "?"]
[Date "2017.10.23"]
[Round "2.6"]
[White "Goebel, Constantin"]
[Black "Stewart, Neil"]
[Result "1/2-1/2"]
[WhiteElo "2215"]
[BlackElo "2194"]
[PlyCount "90"]
[EventDate "2017.??.??"]

1. e4 e5 2. Nf3 Nc6 3. Bb5 a6 4. Ba4 Nf6 5. O-O Nxe4 6. d4 b5 7. Bb3 d5 8. dxe5
Be6 9. c3 Bc5 10. Nbd2 O-O 11. Qe2 Bf5 12. Nxe4 dxe4 13. Ng5 Nxe5 14. Nxe4 Bg4
15. Qc2 Bb6 16. Bf4 Nd3 17. Bd6 Nxf2 18. Bc5 Nxe4 19. Bxb6 cxb6 20. Qxe4 Bh5
21. Qe5 Bg6 22. Rad1 Qc8 23. Kh1 Rd8 24. Qe7 Rf8 25. Rd7 Qc5 26. Re1 Qf2 27.
Qe2 Qxe2 28. Rxe2 Rad8 29. Ree7 Rfe8 30. Rxe8+ Rxe8 31. Kg1 Rb8 32. Kf2 h6 33.
Bd5 Kf8 34. h4 Ke8 35. Ra7 Rd8 36. Bc6+ Kf8 37. Ke3 Rd6 38. Bf3 Re6+ 39. Kd4
Rd6+ 40. Ke5 Re6+ 41. Kd4 a5 42. h5 Rd6+ 43. Ke5 Re6+ 44. Kd4 Rd6+ 45. Ke5 Re6+
1/2-1/2

[Event "2.BLW 1718 TSV Schott Mainz - SV Koblen"]
[Site "?"]
[Date "2017.10.23"]
[Round "2.7"]
[White "Repplinger, Marc"]
[Black "Gohil, Harry"]
[Result "1-0"]
[WhiteElo "2188"]
[BlackElo "2254"]
[PlyCount "123"]
[EventDate "2017.??.??"]

1. d4 Nf6 2. Nf3 g6 3. c4 Bg7 4. Nc3 O-O 5. e4 d6 6. Be2 Nbd7 7. O-O e5 8. Re1
c6 9. Bf1 Qb6 10. h3 exd4 11. Nxd4 Nc5 12. Nb3 Rd8 13. Bf4 Ne6 14. Be3 Qc7 15.
Qd2 b6 16. Rad1 Bb7 17. Nd4 Nc5 18. Bf4 a5 19. Nf3 Ne8 20. Bg5 Bf6 21. Bh6 Qe7
22. Nh2 Bh8 23. Ng4 a4 24. Bg5 f6 25. Bf4 h5 26. Nh6+ Kh7 27. g4 h4 28. Bg2 Bg7
29. g5 Ne6 30. Nd5 Qf8 31. Ng4 cxd5 32. exd5 Nxf4 33. Qxf4 Rd7 34. Re6 f5 35.
Rde1 fxg4 36. Qxg4 Be5 37. R6xe5 dxe5 38. Qxd7+ Qg7 39. Qg4 Nd6 40. Qxh4+ Kg8
41. Qg3 Nxc4 42. b3 axb3 43. Qxb3 Rc8 44. Rc1 Nd6 45. Rxc8+ Nxc8 46. d6+ Kh7
47. Qe6 Nxd6 48. Qxd6 Bxg2 49. Kxg2 Qb7+ 50. Kg1 e4 51. Qe5 b5 52. h4 b4 53.
Qe6 Kg7 54. Qf6+ Kh7 55. Qf8 Qd5 56. Qh6+ Kg8 57. Qxg6+ Kf8 58. Qf6+ Ke8 59. g6
Qxa2 60. g7 Qg8 61. h5 Qf7 62. Qg6 1-0

[Event "2.BLW 1718 TSV Schott Mainz - SV Koblen"]
[Site "?"]
[Date "2017.10.23"]
[Round "2.8"]
[White "Lisanti, Andre"]
[Black "Bohn, Thomas"]
[Result "1/2-1/2"]
[WhiteElo "2239"]
[BlackElo "2341"]
[PlyCount "89"]
[EventDate "2017.??.??"]

1. e4 e6 2. d4 d5 3. Nd2 c5 4. Ngf3 Nc6 5. Bd3 cxd4 6. exd5 Qxd5 7. Be4 Qd7 8.
O-O Nf6 9. Bxc6 bxc6 10. Ne5 Qd5 11. Qe2 Bd6 12. Ndf3 Bxe5 13. Nxe5 Nd7 14. Bf4
Nxe5 15. Qxe5 f6 16. Qc7 e5 17. c4 Qd7 18. Bxe5 fxe5 19. Qxe5+ Qe7 20. Qh5+ g6
21. Qf3 Be6 22. Rfe1 Rd8 23. Qxc6+ Kf7 24. Rad1 Rhe8 25. b3 Qf6 26. h3 h5 27.
Qc5 Rd7 28. Re5 Bf5 29. Rd5 Rxd5 30. Qxd5+ Kg7 31. Qxd4 Qxd4 32. Rxd4 Re1+ 33.
Kh2 Re2 34. g4 hxg4 35. hxg4 Be6 36. Kg3 Rxa2 37. Rd3 Ra3 38. Rc3 a5 39. Kf4 a4
40. Re3 Bxc4 41. bxa4 Rxa4 42. Re4 Kf6 43. Kg3 Bb5 44. Rxa4 Bxa4 45. f4 1/2-1/2

[Event "2BLW 1718 SV Koblenz - SC Hansa Dortmun"]
[Site "?"]
[Date "2017.11.12"]
[Round "3.1"]
[White "Klyuner, Vyacheslav"]
[Black "Sulskis, Sarunas"]
[Result "1-0"]
[WhiteElo "2437"]
[BlackElo "2525"]
[PlyCount "73"]
[EventDate "2017.??.??"]

1. e4 e5 2. Nf3 Nc6 3. Bb5 a6 4. Bxc6 dxc6 5. d4 exd4 6. Qxd4 Bg4 7. Qxd8+ Rxd8
8. Nbd2 Nf6 9. Ne5 Bc8 10. f3 g6 11. Nb3 Bg7 12. Nd3 O-O 13. Bf4 Ne8 14. O-O-O
Nd6 15. Na5 Rde8 16. Rhe1 f5 17. exf5 Nxf5 18. Rxe8 Rxe8 19. Bxc7 Bh6+ 20. Bf4
g5 21. Bd2 Kf7 22. Nc4 Be6 23. Nce5+ Kg8 24. Ng4 Bg7 25. Bxg5 Bxa2 26. b3 a5
27. Nf6+ Bxf6 28. Bxf6 a4 29. g4 Nd6 30. Nf4 Nb5 31. Kb2 Rf8 32. g5 Bxb3 33.
cxb3 a3+ 34. Kc2 Ra8 35. Rd7 Re8 36. Rg7+ Kf8 37. Rxh7 1-0